| 000 | 00629 a2200217 4500 | ||
|---|---|---|---|
| 001 | 116077 | ||
| 020 | _a0962936022 | ||
| 041 | _apor | ||
| 090 | _aPL 371 WON | ||
| 092 | _a2003109628 | ||
| 250 | _a. ed. | ||
| 300 | _axiv, 338 p. | ||
| 697 | _aTeachers - Training of - United States. | ||
| 697 | _aTeaching - Vocational guidance - United States. | ||
| 697 | _aEffective teaching - United States. | ||
| 040 |
_aBR-BrIDEA _cBR-BrIDEA |
||
| 100 |
_aWong, Harry K. _d1932 |
||
| 245 | 1 | 0 |
_aThe first days of school _bhow to be an effective teacher _c Harry K Wong |
| 260 |
_bHarry K. Wong Publications _c2005 |
||
| 942 | _cBK | ||
| 999 |
_c116077 _d116077 |
||